|
|
|
|
| LEADER |
00000cam a2200000 7i4500 |
| 001 |
0000052430 |
| 005 |
20150928.0 |
| 008 |
150928 |
| 020 |
|
|
|a 9789830343129
|
| 090 |
0 |
0 |
|a 305.235
|b NOO
|
| 100 |
0 |
|
|a Noor Hidayah Amin
|
| 245 |
1 |
0 |
|a Nilai agama mengawal tingkah laku
|c Noor Hidayah Amin
|
| 260 |
|
|
|a Kuala Lumpur :
|b Penerbitan Hartamas ,
|c 2008
|
| 300 |
|
|
|a 52pg.
|
| 500 |
|
|
|a Includes glosary
|
| 650 |
|
0 |
|a Teenagers--social life and customs--juvenile literature
|
| 999 |
|
|
|a 0001262761
|b Book
|c Adult Collection
|e Cawangan Muar
|
| 999 |
|
|
|a 0001262762
|b Book
|c Adult Collection
|e Cawangan Bandar Penawar
|
| 999 |
|
|
|a 0001262764
|b Book
|c Adult Collection
|e Cawangan Tangkak
|
| 999 |
|
|
|a 0001262769
|b Book
|c Adult Collection
|e Cawangan Taman Sri Lambak
|